000 00253nam a22000977a 4500
008 160506b xxu||||| |||| 00| 0 eng d
041 _aeng
080 _a61
245 _aNdihma e parë:
_cBasri Lenjani; Nexhbedin Karemani; Fatmir Ismaili;
942 _2udc
_cBK
999 _c1860
_d1860